Money and Speed: Inside the Black Box (Record no. 333279)
[ view plain ]
| 000 -LEADER | |
|---|---|
| fixed length control field | 00526nam a2200097Ia 4500 |
| 008 - FIXED-LENGTH DATA ELEMENTS--GENERAL INFORMATION | |
| fixed length control field | 170517s9999 xx 000 0 und d |
| 245 ## - TITLE STATEMENT | |
| Title | Money and Speed: Inside the Black Box |
| 300 ## - PHYSICAL DESCRIPTION | |
| Extent | Money and Speed: Inside the Black Box is a thriller based on actual events that takes you to the heart of our automated world. Based on interviews with those directly involved and data visualizations up to the millisecond, it... |
| 650 ## - SUBJECT ADDED ENTRY--TOPICAL TERM | |
| General subdivision | Business and Economics. |
| 856 ## - ELECTRONIC LOCATION AND ACCESS | |
| Uniform Resource Identifier | <a href="http://topdocumentaryfilms.com/money-speed-inside-black-box/">http://topdocumentaryfilms.com/money-speed-inside-black-box/</a> |
| Withdrawn status | Lost status | Damaged status | Home library | Current library | Date acquired | Total Checkouts | Date last seen | Price effective from | Koha item type |
|---|---|---|---|---|---|---|---|---|---|
| College Library | College Library | 05/17/2017 | 05/17/2017 | 05/17/2017 | Documentary Films |